Statistics for Macedonian cities

Click here to take the quiz!

General Stats

  • This quiz has been taken 39 times
  • The average score is 8 of 16

Answer Stats

HintAnswer% Correct
The capitalSkopje
97%
Oldest lake in EuropeOhrid
88%
City of ConsulsBitola
65%
Start of the revolutionary warKumanovo
59%
Like ..., there is no other.Struga
56%
Home of PastrmajlijaShtip
50%
Home of Kocho RacinVeles
50%
Start of the revolutionary warPrilep
47%
Famous carnivalStrumica
47%
Wine capital of MacedoniaKavadarci
41%
Famous for its riceKochani
35%
Highest city in MacedoniaKrushevo
32%
Famous for its applesResen
32%
Close to StrazhaKichevo
29%
City inside of a craterKratovo
24%
What happens in ..., nothing happens in ...!Vinica
12%

Score Distribution

Percentile by Number Answered

Percent of People with Each Score

Your Score History

You have not taken this quiz